Economía de la agricultura / (Registro nro. 12570)
[ vista simple ]
| 000 -LEADER | |
|---|---|
| fixed length control field | 01192nam a2200253Ia 4500 |
| 003 - CONTROL NUMBER IDENTIFIER | |
| control field | OSt |
| 005 - DATE AND TIME OF LATEST TRANSACTION | |
| control field | 20210927110051.0 |
| 008 - FIXED-LENGTH DATA ELEMENTS--GENERAL INFORMATION | |
| fixed length control field | 210310s1953 mx gr 000 0 spa d |
| 040 ## - CATALOGING SOURCE | |
| Original cataloging agency | CO-JMCR |
| Transcribing agency | CO-JMCR |
| 041 1# - LANGUAGE CODE | |
| Language code of text/sound track or separate title | spa |
| Language code of original | eng |
| 082 04 - DEWEY DECIMAL CLASSIFICATION NUMBER | |
| Classification number | 338.1 / |
| Item number | C678e |
| Edition number | 23 |
| 100 1# - MAIN ENTRY--PERSONAL NAME | |
| Personal name | Cohen, R.L., |
| Relator term | autor |
| 9 (RLIN) | 28599 |
| 245 10 - TITLE STATEMENT | |
| Title | Economía de la agricultura / |
| Statement of responsibility, etc. | R.L. Cohen ; versión española de Manuel Mesa |
| 260 ## - PUBLICATION, DISTRIBUTION, ETC. | |
| Place of publication, distribution, etc. | México : |
| Name of publisher, distributor, etc. | Fondo de Cultura Económica, |
| Date of publication, distribution, etc. | 1953. |
| 300 ## - PHYSICAL DESCRIPTION | |
| Extent | 188 páginas ; |
| Dimensions | 21 cm. |
| 490 0# - SERIES STATEMENT | |
| Series statement | Economía |
| 500 ## - GENERAL NOTE | |
| General note | Incluye índice y notas a pie de página. |
| 505 0# - FORMATTED CONTENTS NOTE | |
| Formatted contents note | Complejidad de la producción agrícola. -- Los rendimientos decrecientes y la localización de la agricultura. -- La magnitud de las explotaciones agrícolas. -- La venta en los mercados. -- Reacción de la oferta y la demanda ante los precios. -- La tendencia de las remuneraciones en la agricultura. -- La inestabilidad de la agricultura. -- La intervención del estado en la agricultura. |
| 650 14 - SUBJECT ADDED ENTRY--TOPICAL TERM | |
| Topical term or geographic name entry element | Economía agrícola |
| 9 (RLIN) | 37897 |
| 650 24 - SUBJECT ADDED ENTRY--TOPICAL TERM | |
| Topical term or geographic name entry element | Producción agrícola |
| 9 (RLIN) | 40811 |
| 650 24 - SUBJECT ADDED ENTRY--TOPICAL TERM | |
| Topical term or geographic name entry element | Rendimiento agrícola |
| 9 (RLIN) | 40812 |
| 700 1# - ADDED ENTRY--PERSONAL NAME | |
| Personal name | Mesa, Manuel, |
| Relator term | traductora |
| 9 (RLIN) | 40813 |
| 942 ## - ADDED ENTRY ELEMENTS (KOHA) | |
| Source of classification or shelving scheme | Dewey Decimal Classification |
| Koha item type | Books |
| Withdrawn status | Lost status | Source of classification or shelving scheme | Damaged status | Not for loan | Home library | Current library | Shelving location | Date acquired | Source of acquisition | Full call number | Barcode | Date last seen | Copy number | Price effective from | Koha item type |
|---|---|---|---|---|---|---|---|---|---|---|---|---|---|---|---|
| Dewey Decimal Classification | Biblioteca Pública José María del Castillo y Rada | Biblioteca Pública José María del Castillo y Rada | General Stacks | 04/15/2018 | Donación | 338.1 / C678e | 430004888 | 05/16/2024 | Ej.1 | 03/10/2021 | Books |